000 00624 a2200193 4500
005 20260218094928.0
008 260218b |||||||| |||| 00| 0 eng d
020 _a9789394902664
_cरु 695.00
040 _aMAIN
082 _a891.433721
_bKS96B
100 _aकुमार, शिव के
245 _aबुद्ध: निर्वाण की राह पर
250 _aLatest edition
260 _bराजकमल प्रकाशन
_c2022
_aनई दिल्ली
300 _a176
650 _aहिन्दी साहित्य
651 _aउपन्यास
942 _cHN
999 _c394008
_d394008